000 00615nam a2200217 i 4500
001 42592
003 ES-MaACL
005 20230906160637.0
007 t|
008 030407s2002 sp ||||1| spa d
020 _a84-7844-616-8
080 _a821.134.2(83)-31"19"
100 1 _aJodorowsky, Alejandro.
_966698
245 1 3 _aEl niƱo del jueves negro /
_cAlejandro Jodorowsky.
260 _aMadrid :
_bSiruela,
_c[2002]
300 _a247 p. ;
_c22 cm.
490 1 _aSiruela/bolsillo ;
_v55
830 0 _aSiruela/bolsillo ;
_v55
_9181949
852 _aES-MaACL
_jL-26219
_bR.131721
999 _c42592
_d42592